[Event "AUTO-MASTER-3291"]
[Site "http://www.queenalice.com/game.php?id=1867227"]
[Date "2025.12.18"]
[Round "1"]
[White "Fredo"]
[Black "Capixabba789"]
[Result "1-0"]
[WhiteElo "2137"]
[BlackElo "1854"]

1. e4 e5 2. Nf3 d6 3. d4 exd4 4. Qxd4 Nf6 5. Bg5 Be7 6. Nc3 Be6 7. Bb5+ c6 8.
Be2 Nbd7 9. O-O-O Qc8 10. Rhe1 b5 11. e5 Nd5 12. Bxe7 Nxe7 13. exd6 Ng6 14. Qxg7
Qb7 15. Ng5 O-O-O 16. Nxe6 fxe6 17. Bg4 Rdg8 18. Qd4 a5 19. Bxe6 Re8 20. Qg4 b4
21. Na4 1-0

[Event "AUTO-MASTER-3291"]
[Site "http://www.queenalice.com/game.php?id=1867228"]
[Date "2025.12.18"]
[Round "1"]
[White "Capixabba789"]
[Black "Fredo"]
[Result "0-1"]
[WhiteElo "1849"]
[BlackElo "2141"]

1. d4 Nf6 2. Nc3 d5 3. f4 Bf5 4. Nf3 e6 5. e3 Nbd7 6. Bd3 Bg6 7. O-O Be7 8. Bd2
O-O 9. Ne5 Bxd3 10. cxd3 a6 11. Qe1 Nxe5 12. fxe5 Nd7 13. Ne2 f6 14. Nf4 Kf7 15.
exf6 Nxf6 16. e4 dxe4 17. dxe4 Qxd4+ 18. Kh1 Qe5 19. Bc3 Qxe4 20. Qg3 Kg8 21.
Nh5 Qg6 22. Nxf6+ Bxf6 23. Bxf6 Qxg3 24. hxg3 Rxf6 25. Rf4 Raf8 26. Raf1 e5 27.
Rxf6 Rxf6 28. Rd1 Rd6 0-1

[Event "AUTO-ADV-4912"]
[Site "http://www.queenalice.com/game.php?id=1867878"]
[Date "2026.1.11"]
[Round "1"]
[White "Daniel1962"]
[Black "Capixabba789"]
[Result "0-1"]
[WhiteElo "1795"]
[BlackElo "1872"]

1. e4 e5 2. Nf3 d6 3. Bc4 Be7 4. d4 exd4 5. Nxd4 Nf6 6. Nf5 Bxf5 7. exf5 Nc6 8.
c3 O-O 9. Bf4 Ne5 10. Bxe5 dxe5 11. Qf3 e4 12. Qg3 c6 13. Nd2 Bc5 14. O-O-O Qb6
15. Nb3 Bxf2 16. Qd6 e3 17. Be2 Rad8 18. Qf4 Rxd1+ 19. Bxd1 Nd5 20. Qf3 Re8 21.
Nd4 Qc5 22. Nb3 Qb6 23. c4 Nb4 24. Kb1 a5 25. a4 Nd3 26. Bc2 Ne1 27. Qg4 Nxc2
28. Kxc2 f6 29. h4 e2 30. h5 h6 31. Qg6 Qe3 32. Rh3 Qe4+ 33. Rd3 Qxd3+ 34. Kxd3
e1=Q 35. Nc5 Bxc5 36. g4 Qe2+ 0-1

[Event "AUTO-ADV-4912"]
[Site "http://www.queenalice.com/game.php?id=1867879"]
[Date "2026.1.11"]
[Round "1"]
[White "Capixabba789"]
[Black "Daniel1962"]
[Result "1-0"]
[WhiteElo "1839"]
[BlackElo "1810"]

1. d4 d5 2. Nc3 c6 3. f4 Bf5 4. Nf3 e6 5. e3 Nf6 6. Bd3 Bxd3 7. cxd3 Bb4 8. Bd2
Bxc3 9. Bxc3 a5 10. O-O b5 11. Ne5 b4 12. Bd2 Qb6 13. Rc1 O-O 14. f5 a4 15. fxe6
fxe6 16. Rc5 Nbd7 17. Rxc6 Qb7 18. Rxe6 Nxe5 19. Rxe5 Qa6 20. Bxb4 Rf7 21. a3
Ng4 22. Rxf7 Nxe5 23. Rxg7+ Kxg7 24. dxe5 Qe6 25. d4 Rf8 26. Qxa4 Qf5 27. Bxf8+
Qxf8 28. Qd7+ Kg8 29. Qxd5+ Kh8 30. h3 Qh6 31. Qf3 Qb6 32. Qf8# 1-0

[Event "AUTO-ADV-4912"]
[Site "http://www.queenalice.com/game.php?id=1867900"]
[Date "2026.1.11"]
[Round "1"]
[White "EdsonEstevam"]
[Black "Capixabba789"]
[Result "0-1"]
[WhiteElo "1751"]
[BlackElo "1885"]

1. e4 e5 2. Nf3 d6 3. Nc3 Nf6 4. h3 Be7 5. Bc4 c5 6. d3 Nc6 7. Ng5 O-O 8. Bd2
Nd4 9. Be3 Bd7 10. Bxd4 exd4 11. Nd5 Nxd5 12. Bxd5 Bxg5 13. Qf3 Bh6 14. O-O Kh8
15. b3 Rb8 16. a3 b5 17. Rfb1 f5 18. Qg3 f4 19. Qf3 Qg5 20. Re1 a5 21. Re2 g6
22. Rae1 Bg7 23. Kh2 Be5 24. a4 b4 25. Rd2 Qh6 26. Kg1 g5 27. Kf1 Qg6 28. Ke2 h5
29. Rh1 g4 30. hxg4 Bxg4 0-1

[Event "AUTO-ADV-4912"]
[Site "http://www.queenalice.com/game.php?id=1867901"]
[Date "2026.1.11"]
[Round "1"]
[White "Capixabba789"]
[Black "EdsonEstevam"]
[Result "1-0"]
[WhiteElo "1897"]
[BlackElo "1743"]

1. d4 d5 2. Nc3 Nf6 3. f4 Bf5 4. Nf3 Nc6 5. a3 e6 6. e3 Ne4 7. Bd2 Be7 8. Be2 h6
9. O-O g5 10. Ne5 Nxe5 11. fxe5 g4 12. Nxe4 Bxe4 13. Bxg4 Bg5 14. Qe2 Qd7 15.
Be1 O-O-O 16. Bg3 Kb8 17. b4 Rdf8 18. c4 f6 19. exf6 Bxf6 20. c5 Qd8 21. a4 Bh4
22. Be5 Rxf1+ 23. Rxf1 Re8 24. b5 Qd7 25. c6 bxc6 26. bxc6 Qxc6 27. a5 a6 28.
Qb2+ Ka7 29. Rf7 Rb8 30. Rxc7+ Rb7 31. Rxb7+ Qxb7 32. Qxb7+ Kxb7 33. Bxe6 Kc6
34. g3 Bg5 35. Kf2 Kb5 36. Bg7 Kxa5 37. h4 Be7 38. Bxh6 Kb5 39. Bd7+ Kb4 40. h5
a5 41. g4 Bh4+ 42. Ke2 a4 43. Bxa4 Kxa4 44. g5 Bxg5 45. Bxg5 Kb4 46. h6 Kc4 47.
Kf2 Kd3 48. Kg3 Bg6 49. Bf4 Ke2 50. Kg4 Kf2 51. Kg5 Bh7 52. Kf6 Kf3 53. Kg7 Be4
54. h7 Bxh7 55. Kxh7 Ke4 56. Kg6 1-0

[Event "Let's Play Chess!"]
[Site "http://www.queenalice.com/game.php?id=1867918"]
[Date "2026.1.14"]
[Round "-"]
[White "alow_proton"]
[Black "Capixabba789"]
[Result "1-0"]
[WhiteElo "2104"]
[BlackElo "1838"]

1. e4 Nf6 2. e5 Nd5 3. c4 Nf4 4. d4 Ng6 5. Nf3 e6 6. Be2 Be7 7. Nc3 d5 8. c5 Nc6
9. O-O Bd7 10. Bd3 a6 11. a3 b5 12. b4 Nh4 13. Nxh4 Bxh4 14. Bc2 O-O 15. f4 f5
16. Be3 Be7 17. Rf3 Be8 18. Rh3 Rb8 19. Bd3 a5 20. bxa5 Nxa5 21. g4 Bg6 22. g5
Nc4 23. Bf2 Nb2 24. Qe2 Nxd3 25. Qxd3 c6 26. Na2 Ra8 27. Nb4 Qc7 28. Be1 Ra4 29.
Bd2 Rfa8 30. Qc3 Qb7 31. Qf3 Bd8 32. Rg3 Ba5 33. Rb1 Bxb4 34. Bxb4 Qf7 35. Rh3
Re8 36. Kg2 Qd7 37. Rg3 Qf7 38. Rh3 Rc8 39. Rb3 Rca8 40. Qd1 Rc8 41. Rh4 Rca8
42. Rhh3 Rd8 43. Qd2 Re8 44. Qe2 Rc8 45. Bd2 Rxd4 46. Rb4 Re4 47. Rxe4 fxe4 48.
Be3 Bf5 49. Rg3 Ra8 50. Bd2 Ra4 51. Bb4 g6 52. Qd2 Qd7 53. Qd4 Kg7 54. Kf2 Qe8
55. Ke2 Qh8 56. Qg1 h5 57. h4 Qf8 58. Qd4 Bg4+ 59. Ke3 Bd1 60. Qxd1 Qf5 61. Qd2
Kf7 62. Qd1 Kg7 63. Qf1 Ra8 64. Qh3 Qf7 65. Kd4 Qxf4 66. Rg1 e3+ 67. Kd3 Qe4+
68. Ke2 Qxe5 69. Qxe3 Qf5 70. Rf1 Qg4+ 71. Qf3 Qc4+ 72. Qd3 e5 73. Qxc4 dxc4 74.
Rf6 Rc8 75. Ke3 e4 76. Kxe4 Re8+ 77. Kf3 Re1 78. Rxc6 Rf1+ 79. Kg2 Rf4 80. Kg3
Rg4+ 81. Kh3 Re4 82. Rf6 c3 83. Rf1 c2 84. Rc1 Re2 85. c6 1-0

[Event "Let's Play Chess!"]
[Site "http://www.queenalice.com/game.php?id=1867919"]
[Date "2026.1.14"]
[Round "-"]
[White "Capixabba789"]
[Black "alow_proton"]
[Result "0-1"]
[WhiteElo "1883"]
[BlackElo "2082"]

1. e4 c5 2. d3 Nc6 3. f4 d6 4. Nf3 Bg4 5. Be2 Bxf3 6. Bxf3 Qc7 7. O-O Nf6 8. Nc3
a6 9. Ne2 e6 10. Ng3 Be7 11. Bd2 O-O 12. a3 Ne8 13. f5 e5 14. Bc3 Nf6 15. Nh5 b5
16. Bg4 g6 17. Ng3 Nd4 18. fxg6 fxg6 19. Bxd4 cxd4 20. b4 Kh8 21. Be6 Ng8 22.
Bd5 Rac8 23. Bb3 Qd7 24. Rxf8 Rxf8 25. a4 Nf6 26. axb5 Qxb5 27. Ra5 Qb7 28. Bc4
Ra8 29. Qa1 Qxb4 30. Rxa6 Rxa6 31. Bxa6 Ng4 32. Bc4 Kg7 33. h3 Ne3 34. Qc1 Nxc4
35. dxc4 Qxc4 36. Qd1 d5 37. exd5 Qxd5 38. Qd3 Bh4 39. Qe4 Qxe4 40. Nxe4 Be7 41.
Kf2 g5 42. Ke2 Kg6 43. Kd3 h5 44. Kc4 g4 45. hxg4 hxg4 46. Kd5 Kf5 47. c4 dxc3
48. Nxc3 Bf6 49. Ne4 Bg7 50. g3 Bf8 51. Nf2 Bb4 52. Nxg4 Kxg4 53. Kxe5 Kxg3 54.
Kf5 Bc5 0-1

[Event "AUTO-OPEN-4634"]
[Site "http://www.queenalice.com/game.php?id=1868043"]
[Date "2026.1.15"]
[Round "1"]
[White "Esvir"]
[Black "Capixabba789"]
[Result "1-0"]
[WhiteElo "2002"]
[BlackElo "1896"]

1. e4 e5 2. Nf3 d6 3. c3 Nf6 4. Be2 Nxe4 5. Qa4+ c6 6. Qxe4 Be7 7. d4 O-O 8.
dxe5 dxe5 9. Nxe5 Be6 10. O-O Na6 11. b4 Bd6 12. Bd3 g6 13. Bh6 Re8 14. Nxc6
bxc6 15. Bxa6 Bxa2 16. Qd4 Be5 17. Qxd8 Raxd8 18. Rxa2 1-0

[Event "AUTO-OPEN-4634"]
[Site "http://www.queenalice.com/game.php?id=1868044"]
[Date "2026.1.15"]
[Round "1"]
[White "Capixabba789"]
[Black "Esvir"]
[Result "0-1"]
[WhiteElo "1894"]
[BlackElo "2017"]

1. d4 d5 2. Nc3 Nf6 3. Nf3 b6 4. e3 c5 5. Be2 Nc6 6. O-O e6 7. Bd3 cxd4 8. Nxd4
Nxd4 9. exd4 Be7 10. Ne2 O-O 11. Ng3 a6 12. a3 b5 13. f4 g6 14. Qf3 h5 15. Bd2
Ng4 16. Rae1 Kg7 17. h3 Nh6 18. Nxh5+ gxh5 19. Qxh5 Rh8 20. Rf3 Nf5 21. Qg4+ Kf8
22. Rff1 Rh4 23. Qe2 Ng3 24. Qf3 Nxf1 25. Rxf1 Ke8 26. f5 Kd7 27. fxe6+ fxe6 28.
c4 bxc4 29. Bxc4 Qb6 30. Bc3 Rxd4 31. Bxd4 Qxd4+ 32. Kh1 Qxc4 0-1

[Event "AUTO-ADV-4913"]
[Site "http://www.queenalice.com/game.php?id=1868155"]
[Date "2026.1.19"]
[Round "1"]
[White "ChessColossos"]
[Black "Capixabba789"]
[Result "0-1"]
[WhiteElo "1706"]
[BlackElo "1831"]

1. e4 e5 2. Nf3 d6 3. d4 exd4 4. Nxd4 Bd7 5. Nc3 Nf6 6. Bg5 Be7 7. Bc4 Nc6 8.
O-O O-O 9. Re1 Ne5 10. Bb3 a6 11. a4 c5 12. Nf3 Bg4 13. Bxf6 Bxf6 14. Bd5 Nxf3+
15. gxf3 Bh5 16. Bxb7 Rb8 0-1

[Event "Let's Play Chess!"]
[Site "http://www.queenalice.com/game.php?id=1868202"]
[Date "2026.1.25"]
[Round "-"]
[White "alow_proton"]
[Black "Capixabba789"]
[Result "1-0"]
[WhiteElo "2100"]
[BlackElo "1844"]

1. e4 e5 2. f4 d5 3. exd5 exf4 4. Nf3 Qxd5 5. Nc3 Qd8 6. Bc4 Be7 7. O-O Nf6 8.
d4 O-O 9. Bxf4 c6 10. Qd3 Bg4 11. Ne5 Be6 12. Bxe6 fxe6 13. Rae1 Nbd7 14. Nc4
Nb6 15. Rxe6 Nbd5 16. Bg3 b5 17. Ne3 Bb4 18. Ncxd5 Nxd5 19. c3 Ba5 20. Rxc6 Nxe3
21. Qxe3 Bb6 22. Qd3 Rxf1+ 23. Qxf1 a6 24. Rd6 Qb8 25. Rd7 Qe8 26. Rb7 Ba7 27.
Be5 1-0

[Event "Let's Play Chess!"]
[Site "http://www.queenalice.com/game.php?id=1868203"]
[Date "2026.1.25"]
[Round "-"]
[White "Capixabba789"]
[Black "alow_proton"]
[Result "0-1"]
[WhiteElo "1839"]
[BlackElo "2109"]

1. d4 d5 2. Nc3 Nf6 3. f4 Bg4 4. Nf3 Bxf3 5. exf3 e6 6. Bd3 Nh5 7. O-O Bd6 8. f5
O-O 9. f4 Nf6 10. Qf3 c5 11. dxc5 Bxc5+ 12. Kh1 Nc6 13. Ne2 Qd7 14. Ng3 a6 15.
fxe6 fxe6 16. Bd2 Nd4 17. Qd1 Nf5 18. Nxf5 exf5 19. Qf3 Ne4 20. Rad1 Qc6 21. Be3
Rad8 22. Bxc5 Qxc5 23. a3 b5 24. b4 Qc6 25. h3 Qg6 26. Bxe4 dxe4 27. Qf2 Rd6 28.
Rxd6 Qxd6 29. Re1 Rd8 30. Qe2 Qxf4 31. Rf1 Qe5 32. c4 bxc4 33. Qxc4+ Qd5 34.
Qxa6 Ra8 35. Qb6 Rxa3 36. Qb8+ Kf7 37. Qc7+ Kg6 38. b5 e3 39. Qg3+ Kf6 40. b6
Rb3 41. Qc7 e2 0-1